000 00446nam a2200169Ia 4500
008 230612s9999 xx 000 0 und d
041 _aeng
082 _a621.46 AND
100 _aAnderson E.P.
_9125462
245 _aAudels Electrical Motor Guied
260 _c1962
_bD.B.Taraporevala Sons & Co.
300 _a1036
365 _cRs.
700 _aAnderson E.P. & Miller R.
_9184782
906 _dB:17-Apr-2008
_cELECT
999 _c165972
_d165972